[Event "Voronezh op-B 23rd"]
[Site "Voronezh"]
[Date "2019.06.13"]
[Round "2"]
[White "Fadin, Evgeny"]
[Black "Titov, Oleg2222"]
[Result "1/2-1/2"]
[WhiteElo "2020"]
[BlackElo "1626"]
[PlyCount "90"]
[EventDate "2019.06.12"]
[EventType "swiss"]
[EventRounds "9"]
[EventCountry "RUS"]
[SourceTitle "EXT 2020"]
[Source "ChessBase"]
[SourceDate "2019.10.17"]
[SourceVersion "1"]
[SourceVersionDate "2019.10.17"]
[SourceQuality "1"]

1. Nf3 Nf6 2. c4 e6 3. g3 d5 4. b3 c5 5. Bg2 Be7 6. Bb2 Nc6 7. 0-0 d4 8. e3 e5 9. exd4 exd4 10. d3 0-0 11. a3 a5 12. Nbd2 Bf5 13. Qc2 Qd7 14. Rfe1 Bh3 15. Bh1 h6 16. Ne5 Nxe5 17. Rxe5 Bd6 18. Ree1 Rfe8 19. Nf3 Qc7 20. Qd2 Nd7 21. Rxe8+ Rxe8 22. Re1 Ne5 23. Nxe5 Rxe5 24. Rxe5 Bxe5 25. Be4 b6 26. Qe2 Qd7 27. a4 Bf6 28. Bc1 Bg4 29. Bf3 Bf5 30. Bf4 Bg6 31. h4 Bf5 32. Kf1 g5 33. hxg5 hxg5 34. Bd2 Kg7 35. Be4 Bxe4 36. Qxe4 Qh3+ 37. Ke2 Qe6 38. Kf3 Qd7 39. Kg2 Qe7 40. f3 Qxe4 41. dxe4 Kg6 42. Kf2 Be7 43. Ke2 f6 44. f4 f5 45. e5 g4 1/2-1/2

[Event "Voronezh op-B 22nd"]
[Site "Voronezh"]
[Date "2018.06.18"]
[Round "7"]
[White "Fadin, Evgeny"]
[Black "Popov, Maksim"]
[Result "1/2-1/2"]
[WhiteElo "2056"]
[BlackElo "1831"]
[PlyCount "82"]
[EventDate "2018.06.12"]
[EventType "swiss"]
[EventRounds "9"]
[EventCountry "RUS"]
[SourceTitle "CBM 185 Extra"]
[Source "ChessBase"]
[SourceDate "2018.07.29"]
[SourceVersion "1"]
[SourceVersionDate "2018.07.29"]
[SourceQuality "1"]

1. Nf3 Nf6 2. c4 e6 3. g3 b6 4. Bg2 Bb7 5. 0-0 Be7 6. Nc3 c5 7. d4 cxd4 8. Nxd4 Bxg2 9. Kxg2 0-0 10. e4 d5 11. e5 Nfd7 12. cxd5 exd5 13. e6 Nc5 14. exf7+ Rxf7 15. Nde2 Nc6 16. Nxd5 Bf6 17. Nef4 Bd4 18. Ne3 Rd7 19. Qe2 Qf6 20. Ng4 Qf5 21. h3 Rad8 22. a4 Na5 23. Ra3 Nab3 24. Qc4+ Qf7 25. Qxf7+ Rxf7 26. Ne6 Nxe6 27. Rxb3 Rdf8 28. Be3 Nc5 29. Ra3 Bxb2 30. Ra2 Bc3 31. Rc1 Ne4 32. Rac2 h5 33. Nh2 Be5 34. Rc8 Bf6 35. Rxf8+ Rxf8 36. Rc4 Nc5 37. a5 Kf7 38. axb6 axb6 39. Rb4 Nd7 40. Rb5 Be5 41. Nf3 Ke6 1/2-1/2

[Event "Voronezh op-B 22nd"]
[Site "Voronezh"]
[Date "2018.06.13"]
[Round "2"]
[White "Nakonechny, Ignat"]
[Black "Fadin, Evgeny"]
[Result "1/2-1/2"]
[WhiteElo "1890"]
[BlackElo "2056"]
[PlyCount "38"]
[EventDate "2018.06.12"]
[EventType "swiss"]
[EventRounds "9"]
[EventCountry "RUS"]
[SourceTitle "CBM 185 Extra"]
[Source "ChessBase"]
[SourceDate "2018.07.29"]
[SourceVersion "1"]
[SourceVersionDate "2018.07.29"]
[SourceQuality "1"]

1. c4 c5 2. Nc3 Nf6 3. g3 e6 4. Bg2 Be7 5. d3 0-0 6. Nh3 Na6 7. 0-0 d5 8. cxd5 exd5 9. Nf4 Nc7 10. Qb3 d4 11. Ncd5 Nfxd5 12. Nxd5 Nxd5 13. Qxd5 Qb6 14. b3 a5 15. Bf4 Ra7 16. Bb8 Ra8 17. Bf4 Ra7 18. Bb8 Ra8 19. Bf4 Ra7 1/2-1/2

[Event "Voronezh-ch"]
[Site "Voronezh"]
[Date "2015.01.12"]
[Round "9"]
[White "Sakorenko, Adriana"]
[Black "Fadin, Evgeny"]
[Result "0-1"]
[WhiteElo "1731"]
[BlackElo "2094"]
[PlyCount "96"]
[EventDate "2015.01.03"]
[EventType "swiss"]
[EventRounds "9"]
[EventCountry "RUS"]
[SourceTitle "CBM 164 Extra"]
[Source "ChessBase"]
[SourceDate "2015.03.02"]
[SourceVersion "1"]
[SourceVersionDate "2015.03.02"]
[SourceQuality "1"]

1. e4 c5 2. Nf3 Nc6 3. d4 cxd4 4. Nxd4 Nf6 5. Nc3 e5 6. Ndb5 d6 7. Bg5 a6 8. Na3 b5 9. Bxf6 gxf6 10. Nd5 f5 11. Bd3 Be6 12. 0-0 Bg7 13. c3 0-0 14. Nc2 f4 15. Ncb4 Nxb4 16. Nxb4 Qg5 17. f3 Qd8 18. Kh1 Kh8 19. Qe2 Rg8 20. a4 bxa4 21. Rxa4 a5 22. Rfa1 axb4 23. Rxa8 Qxa8 24. Rxa8 Rxa8 25. Kg1 bxc3 26. h3 Ra1+ 27. Kh2 Bf6 28. Qf2 Rd1 29. Qc2 Ra1 30. Qxc3 Bh4 31. g3 fxg3+ 32. Kg2 Ra4 33. f4 Rd4 34. f5 Bd7 35. b4 Kg7 36. b5 Bd8 37. Kxg3 Bb6 38. Kf3 Bc5 39. Bc4 Be8 40. Qb3 Bb6 41. Bd5 f6 42. Bc6 Bf7 43. Qa3 Bh5+ 44. Kg3 Rd2 45. Qb4 Bf2+ 46. Kg2 Be3+ 47. Kf1 Rf2+ 48. Ke1 Rg2 0-1

[Event "Voronezh op-B 14th"]
[Site "Voronezh"]
[Date "2010.06.18"]
[Round "6"]
[White "Fadin, Evgeny"]
[Black "Orekhov, Nikolai"]
[Result "1/2-1/2"]
[WhiteElo "2150"]
[BlackElo "1869"]
[PlyCount "62"]
[EventDate "2010.06.12"]
[EventType "swiss"]
[EventRounds "9"]
[EventCountry "RUS"]
[SourceTitle "CBM 137 Extra"]
[Source "ChessBase"]
[SourceDate "2010.09.01"]
[SourceVersion "1"]
[SourceVersionDate "2010.09.01"]
[SourceQuality "1"]

1. e4 e6 2. d4 d5 3. e5 c5 4. c3 Nc6 5. Nf3 Qb6 6. a3 a5 7. b3 Bd7 8. Be2 Nge7 9. dxc5 Qc7 10. Be3 Ng6 11. Nbd2 Ncxe5 12. Nxe5 Nxe5 13. b4 Be7 14. 0-0 0-0 15. f4 Ng6 16. Nb3 Bf6 17. Qd2 a4 18. Nd4 e5 19. fxe5 Bxe5 20. Nf3 Rfe8 21. Bd1 Bb5 22. Rf2 Bf4 23. Bxf4 Qxf4 24. Bc2 Qxd2 25. Rxd2 Nf4 26. Nd4 Bc4 27. Kf2 g6 28. Re1 Ne6 29. Nf3 Red8 30. g3 Bb3 31. Bb1 Rac8 1/2-1/2

[Event "Voronezh op-B 14th"]
[Site "Voronezh"]
[Date "2010.06.14"]
[Round "3"]
[White "Artemov, Nikita"]
[Black "Fadin, Evgeny"]
[Result "0-1"]
[WhiteElo "1953"]
[BlackElo "2150"]
[PlyCount "58"]
[EventDate "2010.06.12"]
[EventType "swiss"]
[EventRounds "9"]
[EventCountry "RUS"]
[SourceTitle "CBM 137 Extra"]
[Source "ChessBase"]
[SourceDate "2010.09.01"]
[SourceVersion "1"]
[SourceVersionDate "2010.09.01"]
[SourceQuality "1"]

1. e4 c5 2. Nf3 Nc6 3. d4 cxd4 4. Nxd4 Nf6 5. Nc3 e5 6. Nb3 Bb4 7. Bd3 d5 8. exd5 Nxd5 9. Bd2 Nxc3 10. bxc3 Be7 11. 0-0 0-0 12. f4 exf4 13. Bxf4 Bf6 14. Qd2 Re8 15. Rf3 Ne5 16. Bxe5 Rxe5 17. Raf1 Qe7 18. Qf4 Bd7 19. Nd4 Re8 20. Kh1 Rh5 21. h3 Qe5 22. Nf5 Bc6 23. R3f2 Rxh3+ 24. Kg1 Qxf4 25. Rxf4 Rh5 26. c4 Rg5 27. g3 Be5 28. a3 Bxf4 29. Rxf4 g6 0-1

[Event "Voronezh-ch"]
[Site "Voronezh"]
[Date "2010.03.15"]
[Round "7"]
[White "Chuprikov, Dmitry"]
[Black "Fadin, Evgeny"]
[Result "1-0"]
[WhiteElo "2415"]
[BlackElo "2143"]
[PlyCount "151"]
[EventDate "2010.03.09"]
[EventType "swiss"]
[EventRounds "9"]
[EventCountry "RUS"]
[SourceTitle "CBM 135 Extra"]
[Source "ChessBase"]
[SourceDate "2010.05.04"]
[SourceVersion "1"]
[SourceVersionDate "2010.05.04"]
[SourceQuality "1"]

1. e4 c5 2. Nf3 Nc6 3. Bb5 g6 4. 0-0 Bg7 5. Re1 e5 6. Bxc6 dxc6 7. d3 Ne7 8. b3 0-0 9. Bb2 Qc7 10. Nbd2 f6 11. Nc4 Be6 12. Ne3 Rfd8 13. Qd2 a5 14. Qc3 b6 15. a4 Rd7 16. Nh4 Nc8 17. g3 Nd6 18. Nc4 Re8 19. Nxd6 Qxd6 20. Qd2 Qc7 21. Qe3 Rde7 22. Re2 Bg4 23. f3 Bc8 24. Rae1 Rf7 25. Qf2 Bh6 26. Ng2 Bh3 27. Ne3 Be6 28. Ng2 Bh3 29. Rf1 Rd8 30. Kh1 Rdf8 31. Rg1 Qb8 32. Bc3 Qc7 33. Qe1 Qb8 34. Nh4 Bc8 35. Bd2 Bxd2 36. Qxd2 Kg7 37. f4 Qc7 38. f5 Qd6 39. g4 g5 40. Nf3 h6 41. h4 Rh8 42. Rh2 Kg8 43. Kg2 Qd8 44. Rgh1 Rfh7 45. Kg3 Qe7 46. Rh3 Bb7 47. R1h2 Bc8 48. Qc3 Ba6 49. Rh1 Qd6 50. Qd2 Qe7 51. Qc1 Bc8 52. R1h2 Bb7 53. Qh1 Qf7 54. Qa1 Qe7 55. Qc1 Ba6 56. Qd2 Qd8 57. hxg5 hxg5 58. Rxh7 Rxh7 59. Rxh7 Kxh7 60. Qh2+ Kg8 61. Qh6 Qe7 62. Nxg5 fxg5 63. f6 Qf7 64. Qxg5+ Kf8 65. Qxe5 Qd7 66. Qh5 Bc8 67. g5 Qf7 68. Qh8+ Qg8 69. Qxg8+ Kxg8 70. g6 b5 71. Kf4 c4 72. dxc4 bxc4 73. Ke5 Bg4 74. Kd6 Bh5 75. g7 Be8 76. e5 1-0

[Event "Voronezh-ch sf op"]
[Site "Voronezh"]
[Date "2010.02.16"]
[Round "6.11"]
[White "Fadin, Evgeny"]
[Black "Skorobogatykh, Andrey"]
[Result "1-0"]
[WhiteElo "2152"]
[BlackElo "1933"]
[PlyCount "35"]
[EventDate "2010.02.10"]
[EventType "swiss"]
[EventRounds "9"]
[EventCountry "RUS"]
[SourceTitle "EXT 2022"]
[Source "ChessBase"]
[SourceDate "2021.10.06"]
[SourceVersion "1"]
[SourceVersionDate "2021.10.06"]
[SourceQuality "1"]

1. e4 c5 2. Nf3 a6 3. a4 Nc6 4. d4 cxd4 5. Nxd4 Qc7 6. Nc3 Nf6 7. Be2 e5 8. Nb3 Bb4 9. Bf3 Nd4 10. 0-0 Nxf3+ 11. Qxf3 0-0 12. Bg5 Bxc3 13. Bxf6 Bxb2 14. Qg3 g6 15. Qg5 Qc6 16. Rad1 h6 17. Qh4 g5 18. Qxh6 1-0

[Event "Voronezh op-B 13th"]
[Site "Voronezh"]
[Date "2009.06.20"]
[Round "9"]
[White "Kharmunova, Nadezhda"]
[Black "Fadin, Evgeny"]
[Result "1-0"]
[WhiteElo "2128"]
[BlackElo "2152"]
[PlyCount "79"]
[EventDate "2009.06.12"]
[EventType "swiss"]
[EventRounds "9"]
[EventCountry "RUS"]
[SourceTitle "CBM 130 Extra"]
[Source "ChessBase"]
[SourceDate "2009.07.02"]
[SourceVersion "2"]
[SourceVersionDate "2009.07.15"]
[SourceQuality "1"]

1. e4 c5 2. Nf3 e6 3. d4 cxd4 4. Nxd4 Nc6 5. Nc3 a6 6. g3 Qc7 7. Bg2 Nf6 8. 0-0 d6 9. h3 Be7 10. Be3 0-0 11. g4 Rb8 12. g5 Nd7 13. f4 Nxd4 14. Bxd4 b5 15. Qh5 b4 16. Ne2 e5 17. Be3 g6 18. Qh6 Qxc2 19. Ng3 exf4 20. Rxf4 Qxb2 21. Raf1 Qg7 22. Qh4 Rb5 23. e5 Nxe5 24. Ne4 Bf5 25. Nf6+ Kh8 26. Bd4 b3 27. axb3 Rxb3 28. Nh5 Qg8 29. Rxf5 gxf5 30. Rxf5 Rb5 31. Kh1 Rfb8 32. Be4 Rb1+ 33. Bxb1 Rxb1+ 34. Kh2 Rb5 35. Qf4 Qg6 36. Rxf7 Qxh5 37. Rxe7 Kg8 38. Qe4 Rb8 39. Bxe5 dxe5 40. Qxe5 1-0

[Event "Voronezh op-B 13th"]
[Site "Voronezh"]
[Date "2009.06.19"]
[Round "8"]
[White "Fadin, Evgeny"]
[Black "Okun, Evgeny"]
[Result "1-0"]
[WhiteElo "2152"]
[BlackElo "2066"]
[PlyCount "71"]
[EventDate "2009.06.12"]
[EventType "swiss"]
[EventRounds "9"]
[EventCountry "RUS"]
[SourceTitle "CBM 130 Extra"]
[Source "ChessBase"]
[SourceDate "2009.07.02"]
[SourceVersion "2"]
[SourceVersionDate "2009.07.15"]
[SourceQuality "1"]

1. e4 c6 2. d4 d5 3. e5 c5 4. dxc5 e6 5. Nc3 Nc6 6. Bf4 Bxc5 7. Qg4 Kf8 8. 0-0-0 Bd4 9. Qg3 Qb6 10. Be3 Bxe3+ 11. fxe3 Nge7 12. Bd3 Ng6 13. Bxg6 hxg6 14. Qf4 Rh5 15. g4 Rxe5 16. Rd3 g5 17. Qg3 f6 18. Nf3 Re4 19. Nxe4 dxe4 20. Rb3 Qc5 21. Nd4 Nb4 22. a3 Nd5 23. h4 gxh4 24. Qxh4 Nxe3 25. Qh8+ Kf7 26. Rxe3 Qxd4 27. Rc3 e3 28. Rd1 Qf4 29. Qh5+ Ke7 30. Qc5+ Ke8 31. Kb1 Bd7 32. Rxe3 Qxg4 33. Rh1 Kf7 34. Qc7 e5 35. Rd3 Ke7 36. Qd6+ 1-0

[Event "Voronezh op-B 13th"]
[Site "Voronezh"]
[Date "2009.06.15"]
[Round "4"]
[White "Gerasko, Viacheslav"]
[Black "Fadin, Evgeny"]
[Result "0-1"]
[WhiteElo "2030"]
[BlackElo "2152"]
[PlyCount "66"]
[EventDate "2009.06.12"]
[EventType "swiss"]
[EventRounds "9"]
[EventCountry "RUS"]
[SourceTitle "CBM 130 Extra"]
[Source "ChessBase"]
[SourceDate "2009.07.02"]
[SourceVersion "2"]
[SourceVersionDate "2009.07.15"]
[SourceQuality "1"]

1. d4 Nf6 2. Nf3 g6 3. c4 Bg7 4. Nc3 d6 5. e4 0-0 6. Be2 e5 7. d5 a5 8. h3 Nh5 9. 0-0 Nf4 10. Kh2 f5 11. Bxf4 exf4 12. Nd4 Qf6 13. Ndb5 Na6 14. exf5 Bxf5 15. Bf3 Rac8 16. Qd2 Nc5 17. Qxf4 Nd3 18. Qd2 c6 19. dxc6 bxc6 20. Na7 Rb8 21. Na4 Nxb2 22. Bxc6 Bd3 23. Rfc1 Qxf2 24. Qxf2 Rxf2 25. Bd5+ Kh8 26. Nc6 Rbf8 27. Nb6 a4 28. Nd7 Re8 29. Kg3 Rfe2 30. Bf7 R8e3+ 31. Kh2 Be4 32. Bd5 Rxg2+ 33. Kh1 Rxh3# 0-1